00762nam a2200265 a 45000010005000000030009000050080041000140200015000550400028000700820016000981000061001142450058001752600050002333000010002836500022002936500023003156500016003386500026003546500023003806500012004036500019004156500012004346500023004466500027004699548CO-ViMGA141112s2004 ck r 000 u spa d a9586008320 aCO-ViMGAbspacCO-ViMGA04a346.07 C1211 aCadavid Arango ; Luis Alberto, Horacio Valencia Madrid, 10aElementos de Derecho Comercial : bTributo y Contable aSantafé de Bogotá : bMcGraw Hill, c1998 a290p.14aACTOS COMERCIALES14aBIENES MERCANTILES14aCOMERCIANTE14aCONTRATOS MERCANTILES14aDERECHO TRIBUTARIO14aEL AVAL14aENTE ECONOMICO14aLEASING14aREGISTROS PUBLICOS14aSOCIEDADES COMERCIALES